000 00345 a2200169 4500
001 183146
020 _a978-85-08-04540-2
040 _cMagnum
100 _aAlencar, José de
240 1 0 _aEncarnação
_lpor
245 1 0 _aEncarnação
300 _a88
362 0 _a2011
440 1 _aÁtica
697 _aLITERATURA GERAL
942 _cBK
999 _c183146
_d183146